000 00512nam a22001817a 4500
005 20251108164017.0
008 250721s9999 xx 000 0 ara d
082 1 4 _a005.13/مكد
100 1 _aمكداشي، عمر
245 1 0 _aلغة اللوغو /
264 1 _aبيروت :
_bدار الراتب،
_c[19-].
300 _a142ص.
490 0 _aموسوعة البرمجه الإلكترونيه
650 1 7 _aالحواسيب
650 1 7 _aبرامج الحاسوب
942 _2ddc
_cBK
999 _c1333
_d1333